000
00281nam a2200121Ia 4500
008
190216s9999||||xx |||||||||||||| ||und||
100
_a
Rama Varma Veliya Raja P
245
0
_a
Boomarasandesam
260
_b
Radh-Ind Pub
_c
1966
300
_a
76p
650
_a
Kavithkal
942
_c
BK
999
_c
24193
_d
24193